ბათუმის შოთა რუსთაველის სახელმწიფო უნივერსიტეტის ბიბლიოთეკა

თეორიული მექანიკის კურსი (დინამიკა) (ბიბ.ჩანაწერი № 42764)

000 -LEADER
fixed length control field 01018nam a2200253Ia 4500
001 - CONTROL NUMBER
control field 9470
003 - CONTROL NUMBER IDENTIFIER
control field GE_BSU
008 - FIXED-LENGTH DATA ELEMENTS--GENERAL INFORMATION
fixed length control field 181216s||||||||xx |||||||||||||| ||und||
020 ## - INTERNATIONAL STANDARD BOOK NUMBER
International Standard Book Number 9789941142086
040 ## - CATALOGING SOURCE
Transcribing agency GE_BSU
080 ## - UNIVERSAL DECIMAL CLASSIFICATION NUMBER
Universal Decimal Classification number 531(075.8)+513.3
100 ## - MAIN ENTRY--PERSONAL NAME
Personal name გორჯოლაძე,ი. ყიფიანი,გ., ბუქსიანიძე,ა.
245 ## - TITLE STATEMENT
Title თეორიული მექანიკის კურსი (დინამიკა)
245 ## - TITLE STATEMENT
Remainder of title სახ–ლო სტუდ–ს
245 ## - TITLE STATEMENT
Statement of responsibility, etc. რედ.ტ.კვიციანი, ი. გორჯოლაძე
260 ## - PUBLICATION, DISTRIBUTION, ETC.
Place of publication, distribution, etc. თბილისი
260 ## - PUBLICATION, DISTRIBUTION, ETC.
Name of publisher, distributor, etc. ტექნიკური უნ–ტი
260 ## - PUBLICATION, DISTRIBUTION, ETC.
Date of publication, distribution, etc. 2008
300 ## - PHYSICAL DESCRIPTION
Extent 543გვ.ნახ.20სმ.
300 ## - PHYSICAL DESCRIPTION
Accompanying material საძიებელი გვ.524-532. ბიბლიოგრ. გვ.522-523
653 ## - INDEX TERM--UNCONTROLLED
Uncontrolled term თეორიული მექანიკის კურსი (დინამიკა)
942 ## - ADDED ENTRY ELEMENTS (KOHA)
Koha item type წიგნი
ეგზემპლარები
Withdrawn status Lost status Damaged status Not for loan Date acquired Barcode Date last seen Price effective from Koha item type
        2018-12-17 32583 2018-12-17 2018-12-17 წიგნი